000 02920nam0a2200385 4500
001 RU\NLR\BIBL_A\022698734
005 20260407161755.0
010 _a978-5-91776-616-4
_927
021 _aRU
_bКН-П-25-069403
_9КН-П-25-6719
035 _a(NLR Aleph) 022698734
090 _a13653254
_c13653254
100 _a20260112d2025 u y0rusy50 ca
101 0 _arus
102 _aRU
105 _aa|||j|||000yy
181 0 _ai3
_baxxe
182 0 _an
200 1 _aФормирование образовательных условий повышения мировоззренческого потенциала учебных дисциплин "История России" и "Основы российской государственности" в образовательных организациях системы МВД России
_eучебно-методическое пособие
_eдля курсантов, слушателей, профессорско-преподавательского состава образовательных организаций системы МВД России
_fЧесовская М. Г., кандидат исторических наук, доцент, Таранова А. Е., кандидат социологических наук, доцент, Агарков А. Ф., кандидат исторических наук, Никулин А. Г., кандидат философских наук, доцент
_gБелгородский юридический институт МВД России имени И. Д. Путилина
203 _aТекст
_bвизуальный
_cнепосредственный
210 _aБелгород
_cБелгородский юридический институт МВД России имени И. Д. Путилина
_d2025
215 _a55 с.
_cил.
_d21
300 _aАвт. указаны на обороте тит. с.
320 _aБиблиогр.: с. 44-45 (18 назв.) и в подстроч. примеч.
607 _aРоссия
_jУчебно-методические пособия
_xИстория
_xПреподавание
_xВысшие учебные заведения МВД Российской Федерации
_92704202
_3RU\NLR\AUTH\6601768763
686 1 _aЧ486.32я7
701 1 _aЧесовская
_bМ. Г.
_gМарина Георгиевна
701 1 _aТаранова
_bА. Е.
_gАлександра Евгеньевна
701 1 _aАгарков
_bА. Ф.
_gАлександр Федорович
701 1 _aНикулин
_bА. Г.
_gАнтон Геннадьевич
712 0 2 _4475
_aБелгородский юридический институт им. И. Д. Путилина
_9509038
_3RU\NLR\AUTH\8810005810
942 _cBOOK
980 _aNB